LDR 00504naa#a2200145#i#450# 001 EN\INFRA-M\bibl\14647 005 20260501104227.5 100 ## _a20250114b2025####ek#y0engy0150####ca 102 ## _aRU 200 1# _aIMPLEMENTATION OF A PROCESS APPROACH TO ORGANIZATION MANAGEMENT IN THE CONDITIONS OF DIGITAL TRANSFORMATION _eConference article/thesis 210 1# _aMoscow _cINFRA-M Academic Publishing LLC. _d2025 215 ## _a5 с. 608 ## _aConference article/thesis _2local 700 #1 _aBarmina _gA. E. 856 4# _anaukaru.ru _u